Indovina i calciatori in base al loro percorsi di carriera #6 - Statistics

Statistiche generali
  • Questo quiz è stato fatto 3.437 volte
  • Il punteggio medio è 5 su 10
Statistiche sulle risposte
Giocatori Squadre % Corretto
Luka Modrić
85%
Miroslav Klose
75%
Andrea Pirlo
70%
Marco Reus
68%
Eden Hazard
66%
Gabriel Batistuta
54%
Gheorghe Hagi
37%
Dennis Bergkamp
36%
Zico
33%
Hristo Stoichkov
22%
Nessun quiz corrispondente trovato
Distribuzione punteggi
Percentuale di utenti per punteggio
Percentile per numero di risposta
I tuoi punteggi nel tempo
Non hai fatto questo quiz